000 00225nam a2200097Ia 4500
005 20250424112820.0
008 250424s9999 xx 000 0 und d
300 _av. ; 20 cm.
650 _aHumanities--Periodicals.
942 _cSR
999 _c37286
_d37286